| 000 | 00557nam a22002177a 4500 | ||
|---|---|---|---|
| 003 | OSt | ||
| 005 | 20251111110030.0 | ||
| 008 | 220208b ||||| |||| 00| 0 eng d | ||
| 020 | _a9781119590132 | ||
| 040 | _cKCST | ||
| 082 |
_a629.8 _bNi Co |
||
| 100 |
_a Nise, Norman S. _94773 |
||
| 245 |
_aControl systems engineering / _cNorman S. Nise |
||
| 250 |
_a8th ed. _bEMEA edition |
||
| 260 |
_aWeinheim: _bWiley ; _c2019 |
||
| 300 | _ap. | ||
| 650 |
_aAutomatic control _95627 |
||
| 650 |
_aSystems engineering _9912 |
||
| 942 |
_cCTBK _2ddc |
||
| 942 | _2ddc | ||
| 999 |
_c789 _d789 |
||